| 000 | 00000nam##2200000za#4500 |
| 001 | 9.590423 |
| 003 | CaOODSP |
| 005 | 20210624200122 |
| 007 | cr ||||||||||| |
| 008 | 150406|1982||||xxc|||||o f|0| 0 eng|d |
| 040 | |aCaOODSP|beng |
| 041 | |aeng |
| 041 | |afre |
| 043 | |an-cn--- |
| 086 | 1 |aS52-2/166-1982-PDF |
| 110 | 1 |aCanada. |bPublic Works and Government Services Canada. |bTranslation Bureau. |
| 245 | 12|aA bilingual vocabulary on educational technology |h[electronic resource] |
| 260 | |aOttawa - Ontario : |bPublic Works and Government Services Canada. |c1982. |
| 300 | |a128p. |
| 490 | 1 |aTerminology bulletin |vNo. 166 |
| 500 | |aDigitized edition from print. [Produced by Publishing and Depository Services, 2014.] On cover: Secretary of State, Translation Bureau, Terminology and Documentation Directorate. |
| 590 | |a14-22-Supp|b2014-12-24 |
| 792 | |tVocabulaire bilingue de la technologie éducative |efre|w(CaOODSP)9.590424 |
| 830 | #0|aTerminology bulletin ;|vNo. 166|w(CaOODSP)9.500139 |
| 856 | 40|ahttp://publications.gc.ca|qPDF|s1607 KB|uhttps://publications.gc.ca/collections/collection_2014/tpsgc-pwgsc/S52-2-166-1982.pdf|yNo. 166 |